00629nam a2200217 4500001000800000005001700008007000400025008000400029010001700033020002500050040001900075050002100094082001600115245006100131260006100192300003500253440003700288504005100325650001500376700002000391343335020150415112041.0000000 a 91029596  a0631182462 :c$24.95 aUOELcDLCdDLC00aTA403b.S42 199200a620.1/122004aThe Science of new materials /cedited by Andrew Briggs. aOxford, UK ;aCambridge, Mass., USA :bBlackwell,c1992. aviii, 200 p. :bill. ;c24 cm. 0aWolfson College lectures ;v1992 aIncludes bibliographical references and index. 0aMaterials.1 aBriggs, Andrew.